000 00405nam a2200169Ia 4500
001 1889
003 IN-NITTTR
005 20251114232922.0
008 251113s9999||||xx |||||||||||||| ||eng||
040 _beng
040 _cIN-NITTTR
041 _aeng
082 _a621.43 M P
100 _aMaleev, V. L.
245 0 _aInternal-combustion engines :
_b theory and design /
_cMaleev, V. L.
942 _2ddc
_cBK
999 _c2709
_d2709